Sagrament de l'amor (Record no. 61316)
[ view plain ]
| 000 -LEADER | |
|---|---|
| campo de control de longitud fija | 00672nam a2200193 i 4500 |
| 001 - NÚMERO DE CONTROL | |
| campo de control | 61316 |
| 003 - IDENTIFICADOR DE NÚMERO DE CONTROL | |
| campo de control | ES-MaACL |
| 005 - FECHA Y HORA DE LA ÚLTIMA TRANSACCIÓN | |
| campo de control | 20230906164429.0 |
| 007 - CAMPO FIJO DE DESCRIPCIÓN FÍSICA--INFORMACIÓN GENERAL | |
| campo de control de longitud fija | t| |
| 008 - DATOS DE LONGITUD FIJA--INFORMACIÓN GENERAL | |
| campo de control de longitud fija | 031111s1964 sp ||||1| cat d |
| 100 1# - ENTRADA PRINCIPAL--NOMBRE DE PERSONA | |
| Nombre de persona | Evdokimov, Paul. |
| 9 (RLIN) | 48382 |
| 245 10 - MENCIÓN DEL TÍTULO | |
| Título | Sagrament de l'amor |
| Resto del título | : el misteri conjugal a la llum de la tradicio ortodoxa / |
| Mención de responsabilidad, etc. | Paul Evdokimov ; [traductor catalá: Joan Fortuny i Escoda]. |
| 250 ## - MENCION DE EDICION | |
| Mención de edición | [1ª ed.]. |
| 260 ## - PUBLICACIÓN, DISTRIBUCIÓN, ETC. | |
| Lugar de publicación, distribución, etc. | Barcelona : |
| Nombre del editor, distribuidor, etc. | Ariel, |
| Fecha de publicación, distribución, etc. | 1964. |
| 300 ## - DESCRIPCIÓN FÍSICA | |
| Extensión | 273 p., 2 lám. ; |
| Dimensiones | 19 cm. |
| 650 #4 - PUNTO DE ACCESO ADICIONAL DE MATERIA--TÉRMINO DE MATERIA | |
| Término de materia o nombre geográfico como elemento de entrada | Matrimonio- |
| Subdivisión general | Aspectos religiosos- |
| -- | Iglesia Ortodoxa. |
| 9 (RLIN) | 167453 |
| 700 1# - ENTRADA AGREGADA--NOMBRE PERSONAL | |
| Nombre de persona | Fortuny i Escoda, Joan. |
| 9 (RLIN) | 51884 |
| 852 ## - LOCALIZACIÓN | |
| Ubicación | ES-MaACL |
| Número de control de estantería | G-8781 |
| Sublocalización o colección | R.53969 |
| Estatus retirado | Estado de pérdida | Estado de daño | No para préstamo | Biblioteca de origen | Biblioteca actual | Ubicación en estantería | Fecha de adquisición | Fuente de adquisición | Total de préstamos | Signatura topográfica completa | Código de barras | Visto por última vez | Precio de reemplazo | Tipo de ítem Koha |
|---|---|---|---|---|---|---|---|---|---|---|---|---|---|---|
| Biblioteca del Ateneo de Madrid | Biblioteca del Ateneo de Madrid | Sala Pecera Planta 3 | 17/01/2008 | G-8781 | 1064298 | 23/02/2023 | 23/02/2023 | Libro impreso |
